000 00644nam a2200181 i 4500
001 113156
003 ES-MaACL
005 20250811070821.0
007 t|
008 061121s1973 sp r ||||1| spa d
110 2 _aMutualidad General de Funcionarios del Ministerio de Industria.
_93880
245 1 0 _aMemoria 1971-1972 /
_cMutualidad General de Funcionarios del Ministerio de Industria.
260 _aMadrid :
_bMinisterio de Industria, Servicio de Publicaciones,
_c1973.
300 _a51 p. ;
_c21 cm.
710 1 _aEspaƱa.
_bMinisterio de Industria
_93878
852 _aES-MaACL
_jC-52497
_bR.85439
999 _c113156
_d113156